| 000 | 00690nam a2200241Ia 4500 | ||
|---|---|---|---|
| 008 | 180523s9999 xx 000 0 und d | ||
| 020 | _a978-1-111-83413-5 | ||
| 050 | _aMAIN BF 204.6 | ||
| 050 | _b.C66 2013 | ||
| 100 | _aCompton, William C. | ||
| 245 | 0 | _aPositive psychology : | |
| 245 | 4 | _bthe science of happiness and flourishing / | |
| 245 | 0 | _cWilliam C. Compton, Edward Hoffman. | |
| 250 | _a2nd Edition | ||
| 260 | _aAustralia : | ||
| 260 | _bWadsworth, Cengage Learning, | ||
| 260 | _c2013 | ||
| 300 | _a381 pages : | ||
| 300 | _billustrations ; | ||
| 300 | _c23 cm. | ||
| 500 | _aIncludes bibliographical references and index. | ||
| 650 | _aPositive psychology. | ||
| 999 |
_c356560 _d356560 |
||